[Event "Manfred-Bosbach-Turnier (45.OStM)"]
[Site "Bergisch Gladbach"]
[Date "2025.09.26"]
[Round "4.1"]
[White "Wieferig, Wolfgang"]
[Black "Harringer, Manfred"]
[Result "1-0"]
[WhiteElo "2156"]
[BlackElo "1971"]
[PlyCount "91"]
[EventDate "2025.??.??"]
[EventRounds "7"]
[SourceVersionDate "2025.09.08"]

1. d4 Nf6 2. Nf3 e6 3. g3 d5 4. Bg2 Be7 5. O-O O-O 6. Bg5 Nbd7 7. Nbd2 c5 8. c3
b6 9. Re1 Bb7 10. a4 Rc8 11. a5 b5 12. a6 Ba8 13. e3 h6 14. Bxf6 Nxf6 15. Bf1
Qb6 16. dxc5 Bxc5 17. b4 Be7 18. Qb3 Ne8 19. Ra5 Nd6 20. Nd4 Bc6 21. N2f3 Nc4
22. Nxc6 Rxc6 23. Nd4 Rc7 24. Bxc4 bxc4 25. Qa4 Rd8 26. Rb5 Qd6 27. Rb7 Qd7 28.
Ra1 Bf6 29. f4 g6 30. Qxd7 Rdxd7 31. Rb8+ Rd8 32. Rxd8+ Bxd8 33. Ra5 Kf8 34.
Rb5 Rd7 35. Nc6 Ke8 36. Rb7 Rc7 37. Nxa7 Kd7 38. Rxc7+ Kxc7 39. Nb5+ Kb8 40.
Kf2 f6 41. Kf3 e5 42. fxe5 fxe5 43. e4 d4 44. cxd4 exd4 45. Nxd4 Bf6 46. e5 1-0

[Event "Manfred-Bosbach-Turnier (45.OStM)"]
[Site "Bergisch Gladbach"]
[Date "2025.09.26"]
[Round "4.2"]
[White "Eilers, Jochen"]
[Black "Gelsok, Philipp"]
[Result "0-1"]
[WhiteElo "1923"]
[BlackElo "2034"]
[PlyCount "120"]
[EventDate "2025.??.??"]
[EventRounds "7"]
[SourceVersionDate "2025.09.08"]

1. c4 Nf6 2. Nc3 e5 3. g3 Bb4 4. Bg2 O-O 5. d3 Bxc3+ 6. bxc3 d6 7. e3 Nbd7 8.
Ne2 Re8 9. O-O e4 10. d4 Nb6 11. Qb3 Be6 12. d5 Bg4 13. Nd4 Qd7 14. a4 a5 15.
Re1 Re5 16. Qb5 Qxb5 17. Nxb5 Nxc4 18. Bf1 Nb6 19. c4 Ne8 20. Bb2 Re7 21. Bd4
Nd7 22. h3 Bf3 23. Bg2 Bxg2 24. Kxg2 Nc5 25. Bxc5 dxc5 26. Red1 Rd8 27. Rd2 Nd6
28. Nxd6 Rxd6 29. Rb1 b6 30. h4 Kf8 31. Re2 Ke8 32. Rb3 Kd7 33. Rd2 Kc8 34.
Rdb2 h6 35. Rb1 Kb7 36. Rb5 Ka7 37. R5b2 g6 38. Rh1 c6 39. dxc6 Rc7 40. Rc1
Rcxc6 41. Rcc2 Rd3 42. Kf1 Rcd6 43. Ke2 Ra3 44. Ra2 Rdd3 45. g4 Kb7 46. h5 gxh5
47. gxh5 Kc7 48. Rxa3 Rxa3 49. f3 exf3+ 50. Kxf3 Rxa4 51. Ke4 Kd6 52. Kf5 Ke7
53. Ke5 Rb4 54. Kd5 a4 55. e4 a3 56. Ra2 Rb3 57. e5 f6 58. exf6+ Kxf6 59. Rg2
Kf5 60. Rg7 a2 0-1

[Event "Manfred-Bosbach-Turnier (45.OStM)"]
[Site "Bergisch Gladbach"]
[Date "2025.09.26"]
[Round "4.3"]
[White "Schäde, Maximilian"]
[Black "Müller, Aaron"]
[Result "1/2-1/2"]
[WhiteElo "1734"]
[BlackElo "1879"]
[PlyCount "45"]
[EventDate "2025.??.??"]
[EventRounds "7"]
[SourceVersionDate "2025.09.08"]

1. d4 Nf6 2. c4 g6 3. Nf3 Bg7 4. g3 O-O 5. Bg2 d6 6. O-O Nbd7 7. Nc3 e5 8. Qc2
c6 9. Rd1 Qc7 10. e4 Re8 11. h3 Nf8 12. Be3 Nh5 13. dxe5 dxe5 14. Bc5 Nd7 15.
Bd6 Qb6 16. Na4 Qd8 17. c5 Qf6 18. b4 Nf8 19. Qd3 Qe6 20. Ng5 Qf6 21. Nf3 Qe6
22. Ng5 Qf6 23. Nf3 1/2-1/2

[Event "Manfred-Bosbach-Turnier (45.OStM)"]
[Site "Bergisch Gladbach"]
[Date "2025.09.26"]
[Round "4.4"]
[White "Aljalam, Yamen"]
[Black "Gutt, Oswald"]
[Result "0-1"]
[WhiteElo "1410"]
[BlackElo "1735"]
[PlyCount "56"]
[EventDate "2025.??.??"]
[EventRounds "7"]
[SourceVersionDate "2025.09.08"]

1. Nf3 c5 2. g3 Nc6 3. Bg2 g6 4. O-O Bg7 5. d3 Nf6 6. Re1 d6 7. e4 O-O 8. Bf4
Nh5 9. Bc1 Bg4 10. h3 Bxf3 11. Qxf3 Nd4 12. Qd1 e5 13. c3 Ne6 14. Nd2 b5 15.
Nf1 Rb8 16. Nh2 b4 17. Bf3 Nf6 18. h4 bxc3 19. bxc3 h5 20. Bg5 Nxg5 21. hxg5
Nh7 22. Kg2 Qxg5 23. Rh1 Rb2 24. Qc1 Rfb8 25. Qxg5 Nxg5 26. Bd1 c4 27. dxc4
Nxe4 28. Rf1 Nxc3 0-1

[Event "Manfred-Bosbach-Turnier (45.OStM)"]
[Site "Bergisch Gladbach"]
[Date "2025.09.26"]
[Round "4.5"]
[White "Rosenauer, Horst"]
[Black "Schüler, Hans-Ulrich"]
[Result "0-1"]
[WhiteElo "1850"]
[BlackElo "1885"]
[PlyCount "114"]
[EventDate "2025.??.??"]
[EventRounds "7"]
[SourceVersionDate "2025.09.08"]

1. e4 c6 2. d4 d5 3. e5 Bf5 4. Nd2 e6 5. Nb3 Nd7 6. Nf3 a5 7. Be3 Bg4 8. h3 Bh5
9. g4 Bg6 10. h4 h5 11. g5 a4 12. Nc1 Qb6 13. Nd3 Be4 14. Be2 g6 15. O-O Bxf3
16. Bxf3 Ne7 17. Nf4 Nf5 18. Ng2 a3 19. b3 Bb4 20. Qd3 Qa5 21. c4 Bc3 22. Rad1
Bb2 23. cxd5 cxd5 24. Be2 Rc8 25. Kh2 O-O 26. Kh3 Rc3 27. Qb5 Qc7 28. Bd3 Ne7
29. Nf4 Rxd3 30. Qxd3 Nf5 31. Ne2 Rc8 32. Qb1 Qb6 33. Rd3 Nb8 34. Rfd1 Na6 35.
Bc1 Nb4 36. R3d2 Bc3 37. Bxa3 Bxd2 38. Rxd2 Nc6 39. Qd3 Qa5 40. Bd6 Nxd6 41.
exd6 Qb4 42. d7 Rd8 43. Qc3 Qd6 44. a4 Qxd7 45. Kg2 Ne7 46. Ng3 Rc8 47. Qb4 Qc7
48. Rd3 Nc6 49. Qd2 Ne7 50. Qe3 Nc6 51. Qf3 Nb4 52. Rd2 Qc1 53. Qe2 Rc3 54. Rd1
Qf4 55. Rf1 Nc2 56. Qb5 Rxg3+ 57. fxg3 Ne3+ 0-1

[Event "Manfred-Bosbach-Turnier (45.OStM)"]
[Site "Bergisch Gladbach"]
[Date "2025.09.26"]
[Round "4.6"]
[White "Nichte, Philipp"]
[Black "Schüers, Christian"]
[Result "1-0"]
[WhiteElo "1819"]
[BlackElo "1405"]
[PlyCount "85"]
[EventDate "2025.??.??"]
[EventRounds "7"]
[SourceVersionDate "2025.09.08"]

1. d4 d5 2. c4 c6 3. Nc3 Nf6 4. g3 Bf5 5. Bg2 e6 6. Nf3 h6 7. O-O Be7 8. Re1
O-O 9. Ne5 Nbd7 10. Qb3 Qb6 11. Qxb6 axb6 12. Nxd7 Nxd7 13. e4 dxe4 14. Nxe4
Bxe4 15. Bxe4 Bf6 16. Rd1 Ra4 17. b3 Ra6 18. Bb2 Rfa8 19. a4 R6a7 20. Rab1 b5
21. axb5 cxb5 22. Ra1 bxc4 23. bxc4 Nb6 24. c5 Nd5 25. f4 Rxa1 26. Rxa1 Rb8 27.
f5 Ne7 28. fxe6 fxe6 29. Kf2 Nc6 30. Ke3 Nb4 31. Ra4 Bg5+ 32. Ke2 Nd5 33. Kd3
Kf7 34. Ra7 Be7 35. Ba3 Ke8 36. Kc4 Ne3+ 37. Kb5 Nd5 38. Bg2 Bf6 39. Bb2 Bd8
40. Bf3 Bf6 41. Bg4 Nc7+ 42. Kc4 Kd8 43. Bc1 1-0

[Event "Manfred-Bosbach-Turnier (45.OStM)"]
[Site "Bergisch Gladbach"]
[Date "2025.09.26"]
[Round "4.7"]
[White "Themm, Rainer"]
[Black "Zimmermann, Wolfgang"]
[Result "1-0"]
[WhiteElo "1797"]
[BlackElo "1134"]
[PlyCount "91"]
[EventDate "2025.??.??"]
[EventRounds "7"]
[SourceVersionDate "2025.09.08"]

1. e4 c5 2. Nf3 Nc6 3. a3 e6 4. Nc3 a6 5. Bc4 b5 6. Ba2 d6 7. d3 Nf6 8. O-O Be7
9. Re1 O-O 10. d4 cxd4 11. Nxd4 Nxd4 12. Qxd4 e5 13. Qd3 Bb7 14. Nd5 Rc8 15.
Be3 Nxd5 16. exd5 Bg5 17. c3 Bxe3 18. Rxe3 Rc7 19. Rh3 f5 20. Rd1 Qa8 21. Qg3
Qd8 22. Qd3 Bc8 23. Qc2 g6 24. c4 f4 25. Rc3 Bf5 26. Qe2 Bd7 27. c5 f3 28. Qe3
Bf5 29. Rdc1 fxg2 30. cxd6 Rxc3 31. Rxc3 Qxd6 32. Rc6 Qb8 33. d6+ Rf7 34. Bxf7+
Kxf7 35. Qxe5 Qe8 36. Qxe8+ Kxe8 37. Rxa6 Kd7 38. Kxg2 h5 39. Kg3 Bd3 40. Rb6
Bc4 41. Kf4 Ke6 42. Ke3 Kd7 43. Kd4 Bf1 44. Kc5 Bg2 45. Rxb5 Bc6 46. Ra5 1-0

[Event "Manfred-Bosbach-Turnier (45.OStM)"]
[Site "Bergisch Gladbach"]
[Date "2025.09.26"]
[Round "4.8"]
[White "Lobbes, Frank"]
[Black "Steinhausen, Karl-Heinz"]
[Result "1-0"]
[WhiteElo "1817"]
[BlackElo "1080"]
[PlyCount "37"]
[EventDate "2025.??.??"]
[EventRounds "7"]
[SourceVersionDate "2025.09.08"]

1. c4 e6 2. Nc3 d5 3. cxd5 exd5 4. d4 Nf6 5. Nf3 c5 6. dxc5 Bxc5 7. e3 a6 8.
Be2 Nc6 9. a3 O-O 10. b4 Ba7 11. Bb2 b5 12. O-O Re8 13. Qc2 Bb7 14. Rad1 Qc7
15. Nxd5 Nxd5 16. Rxd5 Nxb4 17. Qxc7 Bxd5 18. Qc3 f6 19. Qxb4 1-0

[Event "Manfred-Bosbach-Turnier (45.OStM)"]
[Site "Bergisch Gladbach"]
[Date "2025.09.26"]
[Round "4.9"]
[White "Handel, Heinz"]
[Black "Schneider, Erich"]
[Result "1/2-1/2"]
[WhiteElo "1134"]
[BlackElo "1252"]
[PlyCount "95"]
[EventDate "2025.??.??"]
[EventRounds "7"]
[SourceVersionDate "2025.09.08"]

1. Nf3 c5 2. g3 g6 3. e4 Bg7 4. Bc4 Nc6 5. Ng5 e6 6. d3 d5 7. exd5 exd5 8. Qf3
Nf6 9. Qe2+ Qe7 10. Qxe7+ Nxe7 11. Bb5+ Bd7 12. Bxd7+ Nxd7 13. O-O O-O 14. Re1
Rfe8 15. Nc3 a6 16. Bf4 Bf6 17. Re2 h6 18. Nf3 g5 19. Bd6 Bxc3 20. bxc3 Nf5 21.
Rxe8+ Rxe8 22. Bc7 Rc8 23. g4 Rxc7 24. gxf5 Kg7 25. Re1 Kf6 26. h4 g4 27. Nh2
Kxf5 28. Re7 Kf6 29. Re2 Ne5 30. d4 Nf3+ 31. Nxf3 gxf3 32. Re5 cxd4 33. Rxd5
Rxc3 34. Rxd4 Rxc2 35. Rf4+ Kg7 36. Rxf3 Rxa2 37. Rg3+ Kh7 38. Rd3 Kg7 39. Rg3+
Kf8 40. Rf3 Ra4 41. h5 Ra5 42. Rh3 Rg5+ 43. Kh2 f5 44. f4 Rg4 45. Rb3 Rxf4 46.
Rxb7 Ra4 47. Rb6 Kg7 48. Kg3 1/2-1/2

[Event "Manfred-Bosbach-Turnier (45.OStM)"]
[Site "Bergisch Gladbach"]
[Date "2025.09.26"]
[Round "4.10"]
[White "Pfennig, Dieter"]
[Black "Limburg, Leonhard"]
[Result "0-1"]
[WhiteElo "1140"]
[BlackElo "1259"]
[PlyCount "40"]
[EventDate "2025.??.??"]
[EventRounds "7"]
[SourceVersionDate "2025.09.08"]

1. e4 c5 2. Nc3 Nc6 3. Nf3 g6 4. Bc4 e6 5. d4 Bg7 6. Be3 Nge7 7. Bf4 a6 8. e5
b5 9. Be2 Nxd4 10. Nxd4 cxd4 11. Bf3 Rb8 12. Qxd4 Bb7 13. Bxb7 Rxb7 14. O-O Nf5
15. Qe4 Rc7 16. Rad1 O-O 17. Rd2 Rc4 18. Qf3 Qc7 19. Re1 b4 20. Rd6 Nxd6 0-1

[Event "Manfred-Bosbach-Turnier (45.OStM)"]
[Site "Bergisch Gladbach"]
[Date "2025.10.10"]
[Round "5.1"]
[White "Gelsok, Philipp"]
[Black "Wieferig, Wolfgang"]
[Result "0-1"]
[WhiteElo "2034"]
[BlackElo "2156"]
[PlyCount "150"]
[EventDate "2025.??.??"]
[EventRounds "7"]
[SourceVersionDate "2025.09.08"]

1. e4 c5 2. Nf3 d6 3. d4 cxd4 4. Nxd4 Nf6 5. Nc3 g6 6. Be3 Bg7 7. f3 h5 8. Bc4
a6 9. Bb3 Nbd7 10. Qe2 O-O 11. Qf2 Nc5 12. O-O Nxb3 13. axb3 Bd7 14. Rfd1 Rc8
15. h3 Re8 16. Nde2 Qc7 17. Rd2 Bc6 18. Nd4 e6 19. Nxc6 Qxc6 20. Rad1 d5 21.
exd5 Nxd5 22. Nxd5 exd5 23. c3 Qb5 24. b4 Rcd8 25. Bc5 Bh6 26. Rd3 Rd7 27. Be3
Bg7 28. Bd4 Bf8 29. Qh4 Re6 30. Re3 Rde7 31. Rde1 Qc6 32. Rxe6 Rxe6 33. Rxe6
Qxe6 34. Qd8 Qd6 35. Qe8 Qe7 36. Qc8 Kh7 37. Bc5 Qe1+ 38. Kh2 Bg7 39. Bd6 Qe6
40. Qc7 h4 41. f4 d4 42. cxd4 Bxd4 43. Be5 Bxe5 44. fxe5 Kg7 45. Kh1 b5 46. Qc5
g5 47. Qe3 Qf5 48. Qc3 Qf1+ 49. Kh2 Qf4+ 50. Kh1 Qc4 51. Qa3 Qf1+ 52. Kh2 Qf4+
53. Kh1 Qxe5 54. Qxa6 Qe1+ 55. Kh2 Qxb4 56. Qa2 Qc4 57. b3 Qf4+ 58. Kh1 Qc1+
59. Kh2 b4 60. Qa4 Qc3 61. Qb5 Kg6 62. Qd5 f6 63. Qg8+ Kf5 64. Kh1 Qe1+ 65. Kh2
Qe5+ 66. Kh1 Qe6 67. Qh7+ Kf4 68. Qc7+ Qe5 69. Qc4+ Kg3 70. Qd3+ Kf2 71. Qc2+
Qe2 72. Qc5+ Qe3 73. Qf5+ Ke2 74. Qg4+ Ke1 75. Qxb4+ Kf2 0-1

[Event "Manfred-Bosbach-Turnier (45.OStM)"]
[Site "Bergisch Gladbach"]
[Date "2025.10.10"]
[Round "5.3"]
[White "Schüler, Hans-Ulrich"]
[Black "Eilers, Jochen"]
[Result "0-1"]
[WhiteElo "1885"]
[BlackElo "1923"]
[PlyCount "20"]
[EventDate "2025.??.??"]
[EventRounds "7"]
[SourceVersionDate "2025.09.08"]

1. e4 c5 2. d4 cxd4 3. c3 e5 4. Nf3 Nc6 5. Bc4 Nf6 6. Ng5 d5 7. exd5 Na5 8.
cxd4 Nxc4 9. Qa4+ Bd7 10. Qxc4 Rc8 0-1

[Event "Manfred-Bosbach-Turnier (45.OStM)"]
[Site "Bergisch Gladbach"]
[Date "2025.10.10"]
[Round "5.4"]
[White "Harringer, Manfred"]
[Black "Schäde, Maximilian"]
[Result "1/2-1/2"]
[WhiteElo "1971"]
[BlackElo "1734"]
[PlyCount "149"]
[EventDate "2025.??.??"]
[EventRounds "7"]
[SourceVersionDate "2025.09.08"]

1. e4 c5 2. Nf3 d6 3. Bb5+ Bd7 4. Bxd7+ Qxd7 5. O-O Nc6 6. Re1 e6 7. c3 Nge7 8.
d4 cxd4 9. cxd4 d5 10. Nc3 dxe4 11. Nxe4 Nd5 12. Ne5 Qc7 13. Qa4 Bb4 14. Bd2
O-O 15. Nxc6 Bxd2 16. Nxd2 bxc6 17. Rac1 Rfc8 18. Nf3 Rab8 19. Qc2 Qb6 20. b3
Nb4 21. Qd2 Rd8 22. a3 Nd5 23. b4 Qa6 24. Ne5 Rbc8 25. Qd3 Qxd3 26. Nxd3 Nb6
27. Ne5 Rxd4 28. Nxc6 Rd7 29. a4 Kf8 30. a5 Nd5 31. b5 Rdc7 32. Ra1 Nc3 33.
Nxa7 Rxa7 34. b6 Rb7 35. Kf1 Ra8 36. Rec1 Nd5 37. Ke2 Ke7 38. Rc5 Nxb6 39. Rb5
Ra6 40. Rab1 Kd6 41. axb6 Kc6 42. R1b2 Raxb6 43. Rxb6+ Rxb6 44. Ra2 Rb7 45. h4
Kd6 46. g3 Ke7 47. Ra5 h6 48. Ke3 Rb3+ 49. Ke2 f5 50. f3 Rb2+ 51. Ke1 Kf6 52.
Ra6 Ke5 53. Ra5+ Kf6 54. Ra6 Rb5 55. Kf2 g5 56. hxg5+ hxg5 57. Ra8 Rb2+ 58. Kf1
Rb1+ 59. Kf2 Rb2+ 60. Kf1 g4 61. fxg4 fxg4 62. Rf8+ Kg5 63. Rf4 e5 64. Ra4 Rb1+
65. Kf2 Rb2+ 66. Kf1 Kf5 67. Rc4 Rd2 68. Ra4 Rd4 69. Ra2 Rd3 70. Kg2 Ke4 71.
Re2+ Re3 72. Ra2 Rd3 73. Re2+ Re3 74. Ra2 Rd3 75. Re2+ 1/2-1/2

[Event "Manfred-Bosbach-Turnier (45.OStM)"]
[Site "Bergisch Gladbach"]
[Date "2025.10.10"]
[Round "5.5"]
[White "Nichte, Philipp"]
[Black "Radovinski, Jewgeni"]
[Result "1-0"]
[WhiteElo "1819"]
[BlackElo "1543"]
[PlyCount "33"]
[EventDate "2025.??.??"]
[EventRounds "7"]
[SourceVersionDate "2025.09.08"]

1. e4 e5 2. Nf3 Nc6 3. Bb5 Nf6 4. O-O a6 5. Ba4 b5 6. Bb3 Be7 7. d3 d6 8. c3
O-O 9. Re1 Bg4 10. Nbd2 Nb8 11. h3 Bh5 12. Nf1 c5 13. Ng3 Bxf3 14. Qxf3 Nc6 15.
Nf5 Re8 16. Qg3 Bf8 17. Nh6+ 1-0

[Event "Manfred-Bosbach-Turnier (45.OStM)"]
[Site "Bergisch Gladbach"]
[Date "2025.10.10"]
[Round "5.6"]
[White "Themm, Rainer"]
[Black "Lobbes, Frank"]
[Result "1/2-1/2"]
[WhiteElo "1797"]
[BlackElo "1817"]
[PlyCount "61"]
[EventDate "2025.??.??"]
[EventRounds "7"]
[SourceVersionDate "2025.09.08"]

1. e4 e5 2. Nf3 Nc6 3. Bc4 Nf6 4. d3 Bc5 5. O-O O-O 6. c3 a5 7. Bg5 h6 8. Bh4
d6 9. a4 Be6 10. Nbd2 Qe7 11. Bb3 Bxb3 12. Qxb3 Nd8 13. Nc4 Ne6 14. Ne3 Bxe3
15. fxe3 g5 16. Bf2 Nc5 17. Qc2 Ng4 18. b4 Ne6 19. h3 Nxf2 20. Qxf2 f5 21. exf5
Rxf5 22. Qg3 axb4 23. cxb4 Raf8 24. a5 c6 25. Rab1 Nc7 26. Rfc1 Kh7 27. Nd2
R5f7 28. Ne4 Qe6 29. Rc2 Nb5 30. Rd2 Nc7 31. Rc2 1/2-1/2

[Event "Manfred-Bosbach-Turnier (45.OStM)"]
[Site "Bergisch Gladbach"]
[Date "2025.10.10"]
[Round "5.8"]
[White "Schneider, Erich"]
[Black "Rosenauer, Horst"]
[Result "0-1"]
[WhiteElo "1252"]
[BlackElo "1850"]
[PlyCount "20"]
[EventDate "2025.??.??"]
[EventRounds "7"]
[SourceVersionDate "2025.09.08"]

1. d4 Nf6 2. c4 e6 3. Nc3 Bb4 4. f3 c5 5. d5 exd5 6. a3 Bxc3+ 7. bxc3 dxc4 8.
e4 d5 9. exd5 Nxd5 10. Bxc4 Qh4+ 0-1

[Event "Manfred-Bosbach-Turnier (45.OStM)"]
[Site "Bergisch Gladbach"]
[Date "2025.10.10"]
[Round "5.9"]
[White "Klein, Dieter"]
[Black "Handel, Heinz"]
[Result "1-0"]
[WhiteElo "1502"]
[BlackElo "1134"]
[PlyCount "36"]
[EventDate "2025.??.??"]
[EventRounds "7"]
[SourceVersionDate "2025.09.08"]

1. e4 c6 2. d4 d5 3. exd5 Qa5+ 4. c3 Qxd5 5. Nf3 Qe4+ 6. Be2 Qg6 7. Nh4 Qd6 8.
O-O Nf6 9. Nd2 b5 10. h3 e5 11. Nhf3 Nbd7 12. a4 b4 13. c4 c5 14. Nb3 Qc7 15.
Re1 Bd6 16. d5 O-O 17. Bg5 Ne4 18. Qd3 f5 {Notation nicht nachvollziehbar} 1-0

[Event "Manfred-Bosbach-Turnier (45.OStM)"]
[Site "Bergisch Gladbach"]
[Date "2025.10.10"]
[Round "5.10"]
[White "Schüers, Christian"]
[Black "Zimmermann, Wolfgang"]
[Result "1-0"]
[WhiteElo "1405"]
[BlackElo "1134"]
[PlyCount "77"]
[EventDate "2025.??.??"]
[EventRounds "7"]
[SourceVersionDate "2025.09.08"]

1. d4 Nf6 2. Nc3 e6 3. a3 d5 4. Bg5 Be7 5. e3 Bd7 6. Nf3 h6 7. Bh4 O-O 8. Bxf6
Bxf6 9. Be2 Be8 10. O-O Nd7 11. e4 c6 12. e5 Be7 13. Bd3 c5 14. Re1 c4 15. Bf1
a6 16. Rb1 Rc8 17. Ne2 b5 18. c3 Rb8 19. Ng3 Nb6 20. Qd2 f6 21. exf6 Bxf6 22.
Rxe6 Bf7 23. Ree1 Nd7 24. Ra1 Rb6 25. Nf5 Bg5 26. Nxg5 Qxg5 27. Qxg5 hxg5 28.
Re3 Be6 29. Ng3 g6 30. Rae1 Re8 31. Be2 Nf6 32. Bd1 Kg7 33. h3 Kf7 34. Re5 Bd7
35. Rxe8 Nxe8 36. Bf3 Rd6 37. Re5 Kf6 38. Bxd5 Nc7 39. Ne4+ 1-0

[Event "Manfred-Bosbach-Turnier (45.OStM)"]
[Site "Bergisch Gladbach"]
[Date "2025.10.10"]
[Round "5.11"]
[White "Steinhausen, Karl-Heinz"]
[Black "Limburg, Leonhard"]
[Result "1-0"]
[WhiteElo "1080"]
[BlackElo "1259"]
[PlyCount "111"]
[EventDate "2025.??.??"]
[EventRounds "7"]
[SourceVersionDate "2025.09.08"]

1. e4 c5 2. Nf3 Nc6 3. d3 g6 4. g3 Bg7 5. Bg2 d6 6. Nbd2 Nf6 7. O-O O-O 8. c3
Bg4 9. h3 Bd7 10. Re1 e5 11. Nc4 b6 12. d4 cxd4 13. cxd4 exd4 14. Nxd4 Re8 15.
Nxc6 Bxc6 16. e5 dxe5 17. Qxd8 Raxd8 18. Nxe5 Bxg2 19. Kxg2 Nd5 20. Nd3 Rxe1
21. Nxe1 Nc7 22. Bf4 Nd5 23. Rb1 Nb4 24. a3 Nc6 25. b4 b5 26. Rc1 Nd4 27. Rc7
Ra8 28. Be3 a5 29. Rb7 axb4 30. axb4 Bf8 31. Bxd4 Bxb4 32. Nd3 Rd8 33. Nxb4
Rxd4 34. Rxb5 Kg7 35. Nc2 Rc4 36. Ne3 Re4 37. h4 h5 38. Kh3 Ra4 39. Nd5 Ra2 40.
Kg2 Re2 41. Nf4 Rc2 42. Re5 Rb2 43. Re7 Rb6 44. Nh3 Rf6 45. f4 Rc6 46. Ng5 Rc2+
47. Kh3 Rc6 48. Rxf7+ Kg8 49. Re7 Kf8 50. Rd7 Ke8 51. Rf7 Rb6 52. f5 gxf5 53.
Rxf5 Rg6 54. Nh7 Rh6 55. Nf6+ Kd8 56. Nxh5 1-0

[Event "Manfred-Bosbach-Turnier (45.OStM)"]
[Site "Bergisch Gladbach"]
[Date "2025.10.24"]
[Round "6.1"]
[White "Wieferig, Wolfgang"]
[Black "Gutt, Oswald"]
[Result "1-0"]
[WhiteElo "2156"]
[BlackElo "1735"]
[PlyCount "61"]
[EventDate "2025.??.??"]
[EventRounds "7"]
[SourceVersionDate "2025.09.08"]

1. d4 Nf6 2. c4 e6 3. Nf3 b6 4. Bg5 Bb4+ 5. Nbd2 h6 6. Bxf6 Qxf6 7. g3 Bb7 8.
Bg2 Bxd2+ 9. Qxd2 O-O 10. O-O d6 11. Rfe1 Nd7 12. Rad1 Be4 13. Qe3 Bxf3 14.
exf3 Rad8 15. f4 c5 16. a3 cxd4 17. Qxd4 a5 18. b4 axb4 19. axb4 Qxd4 20. Rxd4
Nf6 21. Red1 Rc8 22. Rxd6 Rxc4 23. Rxb6 Rc2 24. Rb1 Rd8 25. Rc6 Rcd2 26. Bf3
Ra8 27. b5 Raa2 28. b6 Rab2 29. Rxb2 Rxb2 30. b7 Nd7 31. Rd6 1-0

[Event "Manfred-Bosbach-Turnier (45.OStM)"]
[Site "Bergisch Gladbach"]
[Date "2025.10.24"]
[Round "6.4"]
[White "Schäde, Maximilian"]
[Black "Schüler, Hans-Ulrich"]
[Result "1-0"]
[WhiteElo "1734"]
[BlackElo "1885"]
[PlyCount "93"]
[EventDate "2025.??.??"]
[EventRounds "7"]
[SourceVersionDate "2025.09.08"]

1. d4 d5 2. c4 e6 3. Nf3 c6 4. Nc3 Be7 5. Qc2 Nf6 6. g3 O-O 7. Bg2 Nbd7 8. O-O
b6 9. Rd1 Bb7 10. b3 Rc8 11. Bb2 Bb4 12. Rac1 Bxc3 13. Bxc3 Ne4 14. Ne1 f5 15.
Nd3 Nxc3 16. Qxc3 Qe7 17. Qd2 g5 18. Rc3 Qf6 19. e3 Kg7 20. Rdc1 h5 21. f4 g4
22. cxd5 cxd5 23. Rc7 Rxc7 24. Rxc7 Bc8 25. Qc3 Qd8 26. Ne5 Kf6 27. Rxa7 Nxe5
28. dxe5+ Kg6 29. Qc7 Qxc7 30. Rxc7 Ba6 31. Rc6 Rc8 32. Rxc8 Bxc8 33. Bf1 Bd7
34. a4 Kf7 35. Kf2 Ke7 36. Ke1 h4 37. Kd2 hxg3 38. hxg3 Kd8 39. Kc3 Kc7 40. Kb4
Kb7 41. Bb5 Bc8 42. Be8 Ka6 43. Bc6 Ka7 44. a5 Ka6 45. axb6 Kxb6 46. Be8 Kc7
47. Kc5 1-0

[Event "Manfred-Bosbach-Turnier (45.OStM)"]
[Site "Bergisch Gladbach"]
[Date "2025.10.24"]
[Round "6.5"]
[White "Radovinski, Jewgeni"]
[Black "Themm, Rainer"]
[Result "1/2-1/2"]
[WhiteElo "1543"]
[BlackElo "1797"]
[PlyCount "40"]
[EventDate "2025.??.??"]
[EventRounds "7"]
[SourceVersionDate "2025.09.08"]

1. e4 e5 2. Nf3 Nc6 3. Bc4 Bc5 4. c3 d6 5. d4 exd4 6. cxd4 Bb4+ 7. Nc3 Nf6 8.
d5 Bxc3+ 9. bxc3 Ne5 10. Nxe5 dxe5 11. O-O O-O 12. f3 Qd6 13. Be3 c6 14. Qd3
cxd5 15. exd5 Bd7 16. Bb3 b5 17. f4 e4 18. Qd4 Rfe8 19. Rad1 Ng4 20. h3 Nxe3
1/2-1/2

[Event "Manfred-Bosbach-Turnier (45.OStM)"]
[Site "Bergisch Gladbach"]
[Date "2025.10.24"]
[Round "6.6"]
[White "Rosenauer, Horst"]
[Black "Klein, Dieter"]
[Result "1-0"]
[WhiteElo "1850"]
[BlackElo "1502"]
[PlyCount "63"]
[EventDate "2025.??.??"]
[EventRounds "7"]
[SourceVersionDate "2025.09.08"]

1. e4 d5 2. exd5 Nf6 3. d4 Nxd5 4. c4 Nf6 5. Be3 e6 6. Nc3 Be7 7. Bd3 b6 8. Nf3
Bb7 9. O-O Nbd7 10. Ne5 Nxe5 11. dxe5 Nd7 12. f4 Bc5 13. Qe2 Qe7 14. Kh1 O-O-O
15. Be4 f5 16. Bxb7+ Kxb7 17. a3 Bxe3 18. Qxe3 Qc5 19. Qe2 Qe7 20. b4 g5 21.
Qf3+ Kb8 22. c5 gxf4 23. cxb6 Nxb6 24. Qxf4 Nd5 25. Qc4 Ne3 26. Qb5+ Kc8 27.
Rf2 Qh4 28. Qa6+ Kb8 29. Nb5 Nd5 30. Qxa7+ Kc8 31. Rc2 Qe7 32. Rac1 1-0

[Event "Manfred-Bosbach-Turnier (45.OStM)"]
[Site "Bergisch Gladbach"]
[Date "2025.10.24"]
[Round "6.7"]
[White "Lobbes, Frank"]
[Black "Schüers, Christian"]
[Result "1-0"]
[WhiteElo "1817"]
[BlackElo "1405"]
[PlyCount "51"]
[EventDate "2025.??.??"]
[EventRounds "7"]
[SourceVersionDate "2025.09.08"]

1. e4 c5 2. Nf3 Nc6 3. d4 cxd4 4. Nxd4 Nf6 5. Nc3 a6 6. Nxc6 bxc6 7. e5 Ng8 8.
Bc4 e6 9. O-O Bb7 10. Ne4 Qc7 11. Nd6+ Bxd6 12. exd6 Qb6 13. Qg4 Kf8 14. Be3 c5
15. b4 Rc8 16. bxc5 Nf6 17. Qg5 Qa5 18. Rab1 Bc6 19. Rb6 Bb5 20. Bxb5 axb5 21.
Rb1 Nd5 22. R6xb5 Qa8 23. Bd4 f6 24. Qh5 Nf4 25. Qg4 Qe4 26. Be3 1-0

[Event "Manfred-Bosbach-Turnier (45.OStM)"]
[Site "Bergisch Gladbach"]
[Date "2025.10.24"]
[Round "6.8"]
[White "Aljalam, Yamen"]
[Black "Hoferichter, Michael"]
[Result "1/2-1/2"]
[WhiteElo "1410"]
[BlackElo "1386"]
[PlyCount "102"]
[EventDate "2025.??.??"]
[EventRounds "7"]
[SourceVersionDate "2025.09.08"]

1. Nf3 d5 2. g3 Nf6 3. Bg2 c5 4. d3 g6 5. O-O Bg7 6. h3 Nc6 7. Nbd2 O-O 8. Re1
e5 9. e4 dxe4 10. dxe4 Rb8 11. c3 Bd7 12. Nc4 Ne8 13. a4 Be6 14. Qe2 Qc7 15.
Be3 b6 16. Ng5 Bxc4 17. Qxc4 Nd6 18. Qe2 h6 19. Nf3 Nxe4 20. Nh2 f5 21. Bxe4
fxe4 22. Qc4+ Qf7 23. Qxe4 Ne7 24. Ng4 Qf5 25. Qxe5 Qxe5 26. Nxe5 Bxe5 27. Bxh6
Nc6 28. Bxf8 Kxf8 29. Re2 Rd8 30. Rae1 Bd6 31. Re6 Kf7 32. R6e4 Ne7 33. Kg2 Nf5
34. Kf3 Ng7 35. Kg4 Re8 36. Kg5 Rxe4 37. Rxe4 Ne6+ 38. Rxe6 Kxe6 39. Kxg6 c4
40. f4 Ke7 41. Kg5 Kf7 42. g4 a6 43. h4 b5 44. axb5 axb5 45. h5 b4 46. Kf5 bxc3
47. bxc3 Bb4 48. Ke4 Bxc3 49. g5 Bb2 50. g6+ Kg7 51. f5 Bf6 1/2-1/2

[Event "Manfred-Bosbach-Turnier (45.OStM)"]
[Site "Bergisch Gladbach"]
[Date "2025.10.24"]
[Round "6.9"]
[White "Handel, Heinz"]
[Black "Steinhausen, Karl-Heinz"]
[Result "1-0"]
[WhiteElo "1143"]
[BlackElo "1080"]
[PlyCount "87"]
[EventDate "2025.??.??"]
[EventRounds "7"]
[SourceVersionDate "2025.09.08"]

1. d4 e6 2. Nf3 d5 3. g3 Nf6 4. Bg5 Be7 5. Bg2 h6 6. Bxf6 Bxf6 7. c4 c6 8. c5
Qa5+ 9. Qd2 Qa6 10. O-O b6 11. b4 Nd7 12. Nc3 O-O 13. e4 dxe4 14. Nxe4 Re8 15.
Nd6 Re7 16. Rfc1 e5 17. Bf1 b5 18. Qd3 exd4 19. Re1 Ne5 20. Nxe5 Bxe5 21. Nf5
Bxf5 22. Qxf5 Rae8 23. Bd3 g6 24. Qf3 Qa3 25. h4 h5 26. Kg2 Qxb4 27. Qxc6 Re6
28. Qf3 Qxc5 29. Rac1 Qb6 30. Rb1 a6 31. Bc4 R6e7 32. Rxe5 bxc4 33. Rxb6 Rxe5
34. Qc6 c3 35. Qc4 Rd8 36. Rxg6+ Kf8 37. Rf6 Red5 38. Qd3 c2 39. Qxc2 d3 40.
Qd2 Ke7 41. Rc6 Kd7 42. Rc3 Ke6 43. f4 Kf5 44. Kf3 1-0